000 00387nam a2200145Ia 4500
008 100122s9999 xx 000 0 und d
082 _b4817
_a100
100 _aनिरंतर ग भा
245 _aशारदा विहार
260 _c1924
300 _a60
630 _aशारदा विहार
730 _aशारदा विहार
942 _cBOOK
999 _c398282
_d398279